Science by Letter - C - Statistics

General Stats
  • This quiz has been taken 2,140 times
  • The average score is 11 of 20
Answer Stats
Hint Answer % Correct
Carbon
92%
Innermost layers of the Earth Core
87%
A measurement of temperature Celsius
83%
Opposite of an insulator Conductor
75%
A space object consisting of a ice and dust Comet
74%
The basic building block of life Cell
73%
More elements that start with 'C' Calcium
72%
Copper
58%
Cobalt
55%
Chlorine
53%
Chromium
47%
Caesium
46%
Elements that start with 'C' Cadmium
45%
Californium
45%
Outermost layer of the Sun's atmosphere Corona
45%
Heat moving through the air or a liquid Convection
44%
Curium
32%
Cerium
21%
Copernicium
18%
Middle layer of the Sun's atmosphere Chromosphere
11%
No matching quizzes found
Score Distribution
Percent of People with Each Score
Percentile by Number Answered
Your Score History
You have not taken this quiz